Catálogo público

Sistema agroindustrial cebada, malta, cerveza artesanal : (Record no. 220377)

MARC details
000 -CABECERA
campo de control de longitud fija 02154nam a2200337 a 4500
003 - IDENTIFICADOR DEL NÚMERO DE CONTROL
campo de control Mxchpua
005 - FECHA Y HORA DE LA ÚLTIMA TRANSACCIÓN
campo de control 20250126213319.0
007 - CAMPO FIJO DE DESCRIPCIÓN FÍSICA--INFORMACIÓN GENERAL
campo de control de longitud fija ta
008 - DATOS DE LONGITUD FIJA--INFORMACIÓN GENERAL
campo de control de longitud fija 250126s2024 mx abd|fs|||| 001 0 spa d
040 ## - FUENTE DE LA CATALOGACIÓN
Centro catalogador/agencia de origen mxchpua
090 ## - LOCALMENTE ASIGNADO TIPO-LC NÚMERO DE CLASIFICACIÓN (OCLC); NÚMERO DE CLASIFICACIÓN LOCAL (RLIN)
Número de clasificación (OCLC) (R) ; Numero de clasificación, CALL (RLIN) (NR) T.C.957
Número cutter local (OCLC) ; Número de libro/Signatura topográfica íntegra, CALL (RLIN) R39 SAI
Año 2024
245 10 - MENCIÓN DE TÍTULO
Título Sistema agroindustrial cebada, malta, cerveza artesanal :
Resto del título región de estudio bajío, occidente, noroeste /
Mención de responsabilidad, etc. coordinador Marco Favio Ramírez Sepúlveda ; colaboradores Raquel Andrés Ramos...[y otros]
260 ## - PUBLICACIÓN, DISTRIBUCIÓN, ETC.
Lugar de publicación, distribución, etc. Chapingo, México :
Nombre del editor, distribuidor, etc. El autor,
Fecha de publicación, distribución, etc. 2024
300 ## - DESCRIPCIÓN FÍSICA
Extensión 1 recurso en línea (269 páginas) :
Otras características físicas ilustraciones, mapas, gráficas, diagramas, tablas
336 ## - TIPO DE CONTENIDO
Fuente rdacontent
Término de tipo de contenido Texto
Código de tipo de contenido txt
337 ## - TIPO DE MEDIO
Fuente rdamedia
Nombre/término del tipo de medio computadora
Código del tipo de medio c
338 ## - TIPO DE SOPORTE
Fuente rdacarrier
Nombre/término del tipo de soporte recurso en línea
Código del tipo de soporte cr
500 ## - NOTA GENERAL
Nota general Grado 6° ; Grupo 2 --<br/>Directorio: páginas 249-250
502 ## - NOTA DE TESIS
Nota de tesis Viaje de Estudios
Tipo de título (SAI) --
Nombre de la institución que otorga el título UACh. Departamento de Ingeniería Agroindustrial,
Año de obtención del título 2024
504 ## - NOTA DE BIBLIOGRAFÍA, ETC.
Nota de bibliografía, etc. Bibliografía: páginas 244-246
505 0# - NOTA DE CONTENIDO CON FORMATO
Nota de contenido con formato Visitas:
Título 1. Cervecería Primus --<br/>2. Restaurante Brewer Gastro Pub Querétaro --<br/>3. Compañía Cervecera Hércules --<br/>4. Cervecería Cuatro Palos --<br/>5. Cervecería Tributo --<br/>6. INIFAP Celaya --<br/>7. Cervecería Dos Aves --<br/>8. Cervecería La Hechicera --<br/>9. Beermänner --<br/>10. Insumos cerveceros de occidente --<br/>11. Cervecería Cielito Lindo --<br/>12. Cervecería Santa Sabina --<br/>13. All the time Brewing Co. --<br/>14. Yambak cervecería --<br/>15. Monzón Brewing Co. --<br/>16. Cervecería Samao --<br/>17. Cervecería Navegante --<br/>18. Cervecería Tres Islas --<br/>19. Cervecería Bichola --<br/>20. Cervecería Lobo Gris --<br/>21. Cervecería Humppac
650 13 - PUNTO DE ACCESO ADICIONAL DE MATERIA--TÉRMINO DE MATERIA
Término de materia o nombre geográfico como elemento de entrada Industria cervecera
Subdivisión geográfica México
9 (RLIN) 149284
650 12 - PUNTO DE ACCESO ADICIONAL DE MATERIA--TÉRMINO DE MATERIA
Término de materia o nombre geográfico como elemento de entrada Cerveza artesanal
Subdivisión general Elaboración
9 (RLIN) 135065
650 13 - PUNTO DE ACCESO ADICIONAL DE MATERIA--TÉRMINO DE MATERIA
Término de materia o nombre geográfico como elemento de entrada Encuestas al consumidor
9 (RLIN) 185730
650 13 - PUNTO DE ACCESO ADICIONAL DE MATERIA--TÉRMINO DE MATERIA
Término de materia o nombre geográfico como elemento de entrada Brewing industry
Subdivisión geográfica México
9 (RLIN) 149282
650 10 - PUNTO DE ACCESO ADICIONAL DE MATERIA--TÉRMINO DE MATERIA
Término de materia o nombre geográfico como elemento de entrada Artisan beer
Subdivisión general Production process
9 (RLIN) 189916
650 13 - PUNTO DE ACCESO ADICIONAL DE MATERIA--TÉRMINO DE MATERIA
Término de materia o nombre geográfico como elemento de entrada Consumer surveys
9 (RLIN) 185731
700 1# - PUNTO DE ACCESO ADICIONAL--NOMBRE DE PERSONA
Nombre de persona Ramírez Sepúlveda, Marco Favio
9 (RLIN) 150304
Término indicativo de función/relación coordinador
700 1# - PUNTO DE ACCESO ADICIONAL--NOMBRE DE PERSONA
Nombre de persona Andrés Ramos, Raquel
9 (RLIN) 185669
Término indicativo de función/relación colaboradora
856 40 - LOCALIZACIÓN Y ACCESO ELECTRÓNICOS
Identificador Uniforme del Recurso <a href="http://10.13.5.2/ve/TC957_SAI/TC957_SAI_2024-REPORTE.pdf">http://10.13.5.2/ve/TC957_SAI/TC957_SAI_2024-REPORTE.pdf</a>
Texto de enlace DESCARGAR REPORTE
Holdings
Estado de retiro Estado de pérdida Fuente del sistema de clasificación o colocación Estado dañado No para préstamo Código de colección Localización permanente Ubicación/localización actual Ubicación en estantería Fecha de adquisición Fuente de adquisición Total de préstamos Signatura topográfica completa Código de barras Fecha visto por última vez Precio válido a partir de Tipo de ítem Koha
    Clasificación Universidad Autónoma de Chapingo     Viajes de estudio - En línea Ingenieria Agroindustrial Ingenieria Agroindustrial En línea 26/01/2025 El autor   T.C.957 R39 SAI 2024 1216015179 26/01/2025 26/01/2025 Viajes de Estudio - En línea